| 000 | 00726cam a22002413a 4500 | ||
|---|---|---|---|
| 001 | 9016 | ||
| 003 | PGUSA | ||
| 005 | 20140828083207.0 | ||
| 008 | 050901s2005||||xxu|||||s|||||000 | eng d | ||
| 040 |
_aPGUSA _beng |
||
| 042 | _adc | ||
| 050 | 4 | _aBX | |
| 100 | 1 |
_aTwain, Mark, _d1835-1910 |
|
| 245 | 1 | 0 |
_aChristian Science _h[electronic resource] / _cMark Twain |
| 260 |
_bProject Gutenberg, _c2005 |
||
| 506 | _aCopyrighted. Read the copyright notice inside this book for details. | ||
| 516 | _aElectronic text | ||
| 653 | _aChristian Science -- Controversial literature | ||
| 653 | _aEddy, Mary Baker, 1821-1910 | ||
| 830 | 0 |
_aProject Gutenberg _v9016 |
|
| 856 | 4 | 0 | _uhttp://www.gutenberg.org/ebooks/9016 |
| 942 | _cAB | ||
| 999 |
_c238300 _d238300 |
||